<?xml version="1.0" encoding="UTF-8"?>
<record
    xmlns:xsi="http://www.w3.org/2001/XMLSchema-instance"
    xsi:schemaLocation="http://www.loc.gov/MARC21/slim http://www.loc.gov/standards/marcxml/schema/MARC21slim.xsd"
    xmlns="http://www.loc.gov/MARC21/slim">

  <leader>01566nam a22002417a 4500</leader>
  <controlfield tag="001">114082</controlfield>
  <controlfield tag="003">DR-UNIBE</controlfield>
  <controlfield tag="005">20251002110746.0</controlfield>
  <controlfield tag="008">250915b2021    mx ||||| |||| 00| 0 spa d</controlfield>
  <datafield tag="020" ind1=" " ind2=" ">
    <subfield code="a">9786075521893</subfield>
  </datafield>
  <datafield tag="040" ind1=" " ind2=" ">
    <subfield code="a">BIBLIOTECA UNIBE</subfield>
    <subfield code="c">BIBLIOTECA UNIBE</subfield>
    <subfield code="b">spa</subfield>
    <subfield code="e">rda</subfield>
  </datafield>
  <datafield tag="041" ind1=" " ind2=" ">
    <subfield code="a">spa</subfield>
  </datafield>
  <datafield tag="082" ind1=" " ind2=" ">
    <subfield code="a">341.762 A634j 2021</subfield>
  </datafield>
  <datafield tag="245" ind1="1" ind2="0">
    <subfield code="a">Antolog&#xED;a judicial ambiental 2017-2020 :</subfield>
    <subfield code="b">(diciembre, 2020)</subfield>
  </datafield>
  <datafield tag="260" ind1=" " ind2=" ">
    <subfield code="a">M&#xE9;xico : </subfield>
    <subfield code="b">Suprema Corte de Justicia de la Naci&#xF3;n : </subfield>
    <subfield code="b">Centro de Estudios  Constitucionales (SCJN),</subfield>
    <subfield code="c">2021</subfield>
  </datafield>
  <datafield tag="300" ind1=" " ind2=" ">
    <subfield code="a">301 p&#xE1;ginas</subfield>
  </datafield>
  <datafield tag="505" ind1=" " ind2=" ">
    <subfield code="a">I. Una mirada con lupa a la jurisprudencia de Brasil |
II. Desarrollo jurisprudencial de la evaluaci&#xF3;n en materia |
de impacto ambiental y los principios in dubio pro natura e in dubio pro agua en el derecho comparado |
III. Desarrollos jurisprudenciales en relaci&#xF3;n con las actividades econ&#xF3;micas y el impacto
de la contaminaci&#xF3;n en la salud y el medio ambiente |
IV. Desarrollos jurisprudenciales sobre agricultura, seguridad alimentaria, biodiversidad y derechos humanos relacionados con la gesti&#xF3;n y eliminaci&#xF3;n ecol&#xF3;gicamente racional de las sustancias y los desechos peligrosos en el derecho comparado |
V. Ensayos y opiniones sobre temas emergentes en la justicia ambiental y clim&#xE1;tica 
VI. Conclusiones |
</subfield>
  </datafield>
  <datafield tag="650" ind1=" " ind2="7">
    <subfield code="2">lemb</subfield>
    <subfield code="a">Biodiversidad</subfield>
    <subfield code="x">Legislaci&#xF3;n</subfield>
    <subfield code="9">199533</subfield>
  </datafield>
  <datafield tag="650" ind1=" " ind2="7">
    <subfield code="2">lemb</subfield>
    <subfield code="a">Medio ambiente</subfield>
    <subfield code="x">Legislaci&#xF3;n</subfield>
    <subfield code="9">22210</subfield>
  </datafield>
  <datafield tag="700" ind1=" " ind2=" ">
    <subfield code="a">Rabasa Salinas, Alejandra</subfield>
    <subfield code="e">coodinador</subfield>
    <subfield code="9">199202</subfield>
  </datafield>
  <datafield tag="700" ind1=" " ind2=" ">
    <subfield code="a">De Windt Vicente, Claudia S.</subfield>
    <subfield code="e">coodinador</subfield>
    <subfield code="9">71275</subfield>
  </datafield>
  <datafield tag="942" ind1=" " ind2=" ">
    <subfield code="2">ddc</subfield>
    <subfield code="c">BK</subfield>
  </datafield>
  <datafield tag="999" ind1=" " ind2=" ">
    <subfield code="c">114082</subfield>
    <subfield code="d">114082</subfield>
  </datafield>
  <datafield tag="952" ind1=" " ind2=" ">
    <subfield code="0">0</subfield>
    <subfield code="1">0</subfield>
    <subfield code="2">ddc</subfield>
    <subfield code="7">0</subfield>
    <subfield code="8">GEN</subfield>
    <subfield code="a">Principal</subfield>
    <subfield code="d">2025-09-16</subfield>
    <subfield code="l">0</subfield>
    <subfield code="o">341.762 A634j 2021 </subfield>
    <subfield code="p">250993</subfield>
    <subfield code="r">2025-09-16 10:42:16</subfield>
    <subfield code="t">Ej. 1</subfield>
    <subfield code="w">2025-09-16</subfield>
    <subfield code="y">BK</subfield>
  </datafield>
</record>
